| 000 | 00460nam a2200181Ia 4500 | ||
|---|---|---|---|
| 008 | 131103s9999 xx 000 0 und d | ||
| 020 | _a333903536 | ||
| 040 | _aLoreto College | ||
| 041 | _aEnglish | ||
| 082 |
_a920/TAG _bLCBED/11609 |
||
| 100 | _aTagore, Rabindranath | ||
| 245 |
_aReminiscences _cRabindranath Tagore |
||
| 260 |
_aMadras _bMacmillan _c1970 |
||
| 300 |
_a160p. _c 18cm. |
||
| 650 | _aBiography | ||
| 850 | _aLCBED/920/TAG | ||
| 942 | _cBK | ||
| 999 |
_c30666 _d81145 |
||